00940 a2200205 4500003000500000005001700005010001600022020001500038040000900053082001200062100002900074245005200103260003700155300004300192505031000235650002900545942002100574999001900595952012000614NUST20221122122900.0 a 77136628 a0675092604 cNust00a519,LEN1 aLenert, Louis H.910333010aBasic technical mathematics /cLouis H. Lenert. aColumbus, Ohio,bMerrillc[1971] ax, 656 p.:billus. (part col.)c26 cm. aAlgebraic concepts (Page-1), Radicals,logarithms,and the slide rule (Page-81), Algebraic functions (Page-149), Systems of equations (Page-243), Trigonometry (Page-333), Transcendental functions and operations (Page-421), Analytical geometry (Page-481), Vector operations (Page-545), Appendices (Page-589). 0aEngineering mathematics. 2ddccBKk519,LEN c181187d181187 00102ddc4070aMCSbMCScGENd2016-12-12o519,LENpMCS7695r2016-12-08w2016-12-12yBKzAlmirah No.14, Shelf No.2